000 00738cam a22002293a 4500
001 18988
003 PGUSA
005 20140828083413.0
008 060804s2006||||xxu|||||s|||||000 p eng d
040 _aPGUSA
_beng
042 _adc
050 4 _aPR
100 1 _aCombe, William,
_d1742-1823
245 1 4 _aThe First of April :
_bOr, The Triumphs of Folly: A Poem Dedicated to a Celebrated Duchess. By the author of The Diaboliad.
_h[electronic resource] /
_cWilliam Combe
260 _bProject Gutenberg,
_c2006
506 _aPublic domain in the USA.
516 _aElectronic text
653 _aEnglish poetry -- 18th century
830 0 _aProject Gutenberg
_v18988
856 4 0 _uhttp://www.gutenberg.org/ebooks/18988
942 _cEB
999 _c248243
_d248243